• 首页
  • 本馆介绍
  • 公告通知
  • 最新文献
  • 馆藏检索
  • 电子资源
  • 读者导购
  • 参考咨询
  • 我的图书馆
  • 登录
  • 详细信息显示
  • 放入我的书架
  • 预约/预借图书
  • 作者相关作品
  • 分类相关作品
  • 丛书相关作品
  • 出版社相关作品

书目信息

  • 表格格式
  • 工作单格式
  • 卡片格式
题名:
平行思维
    
 
作者: 波诺 著 ;王以 , 吴亚滨 译
分册:  
出版信息: 北京   企业管理出版社  2004
页数: 128页
开本: 23cm
丛书名:
单 册:
中图分类: B842.5 , B80
科图分类:
主题词: 思维方法 , 思维方法--研究 , 思维科学
电子资源:
ISBN: 7-80197-080-2
000 01161nam0 2200313 450
001 0934891487
005 20090927094516.96
010    @a7-80197-080-2@dCNY23.00
100    @a20040802d2004 em y0chiy50 ea
101 1  @achi@ceng
102    @aCN@b110000
105    @ay z 000yy
106    @ar
200 1  @a平行思维@e解读六顶思考帽的深层价值@f(英)爱德华·德·波诺(Edward de Bono)著@g王以,吴亚滨译@Aping xing si wei
210    @a北京@c企业管理出版社@d2004
215    @a128页@d23cm
330    @a本书通过论述思维的实际运作,深层解析了六项思考帽这一平行思维工具在个人生活、职业生涯和工商管理等多个层面的表现及其相关应用价值。
510 1  @aParallel Thinking@eUnscramble the Deep Value of Six Thinking HAts@zeng
517 1  @a解读六顶思考帽的深层价值@Ajie du liu ding si kao mao de shen ceng jia zhi
606 0  @a思维方法
606 0  @a思维方法@x研究
606 0  @a思维科学
690    @aB842.5@v4
690    @aB80@v4
701  0 @c(英)@a波诺@c(Bono, Edward de)@4著@Abo nuo
702  0 @a王以@4译@Awang yi
702  0 @a吴亚滨@4译@Awu ya bin
801  0 @aCN@b大连网信软件有限公司图书馆·11@c20090927
905    @a10447@dB80@eJY9
    
    平行思维:解读六顶思考帽的深层价值/(英)爱德华·德·波诺(Edward de Bono)著/王以,吴亚滨译.-北京:企业管理出版社,2004
    128页;23cm
    
    
    ISBN 7-80197-080-2:CNY23.00
    本书通过论述思维的实际运作,深层解析了六项思考帽这一平行思维工具在个人生活、职业生涯和工商管理等多个层面的表现及其相关应用价值。
●
相关链接 在E读中查询图书 在五车中查询图书 在当当中查询图书 在豆瓣中查询图书


正题名:平行思维     索取号:B80/JY9         预约/预借

序号 登录号 条形码 馆藏地/架位号 状态 备注
1 7809972   278099727   学院路分馆/ [索取号:B80/JY9] 在馆    
2 7809973   278099736   学院路分馆/ [索取号:B80/JY9] 在馆    
3 7809974   278099745   学院路分馆/ [索取号:B80/JY9] 在馆    
4 7809975   278099754   学院路分馆/ [索取号:B80/JY9] 在馆    
唐山师范学院图书馆 欢迎您!
大连网信软件有限公司© 版权所有